000 01207cam a2200313 a 4500
001 14201912
003 PILC
005 20150112093434.0
008 051216s2006 nyu 001 0 eng
010 _a 2005036785
020 _a0199249415
040 _aDLC
_cDLC
_dDLC
043 _ae-uk---
050 0 0 _aKD 1554
_b.Sm642 2006
100 1 _aSmith, Stephen A.
_915179
245 1 0 _aIntroduction to the law of contract /
_cStephen A. Smith.
250 _a6th ed.
260 _aOxford ;
_aNew York :
_bOxford University Press,
_c2006.
300 _a441 pages :
_c24 cm.
440 0 _aClarendon law series
_915180
500 _aIncludes index.
650 0 _aContracts
_zGreat Britain.
_915181
856 4 2 _3Publisher description
_uhttp://www.loc.gov/catdir/enhancements/fy0640/2005036785-d.html
856 4 1 _3Table of contents only
_uhttp://www.loc.gov/catdir/enhancements/fy0640/2005036785-t.html
856 4 2 _3Contributor biographical information
_uhttp://www.loc.gov/catdir/enhancements/fy0726/2005036785-b.html
906 _a7
_bcbc
_corignew
_d1
_eecip
_f20
_gy-gencatlg
942 _2lcc
_cBK
999 _c14511
_d14511